000 01124nam a22003257a 4500
001 BR6002028
003 BR-BrBNA
005 20230928083113.0
007 ta
008 230509b bl.||||| |||| 00| 0 por d
040 _aBR-BrBNA
_bpor
_cBiblioteca Nacional de Agricultura
041 _a(Por)
072 _aP00; E50; E10
_b/G514
090 _ P00 BR6002028
100 1 _aArruda, H.P. de
110 1 _aInstituto Nacional de Colonizacao e Reforma Agraria, Rio de Janeiro, GB (Brasil)
_96447
245 1 _aEstudos de problemas brasileiros. Regiao Centro-Oeste. Aproveitamento de recursos naturais, colonizacao e transporte
_bPalestra proferida no curso de Pos Graduacao do Instituto de Quimica da Universidade Federal do Rio de Janeiro
260 3 _aRio de Janeiro, GB (Brasil):
_c1971.
300 _a46 p.
500 _a6 tables; 13 ref.
650 _aRecurso natural
650 _aColonizacao
650 _aTransporte
650 _aAptidao agricola
650 _aReforma agraria
650 _aExploracao agricola
650 _aRegiao Centro-Oeste
909 _a202309
_bLucia
_c55
_dLucia Elande
942 _cBK
999 _c11589
_d11589